Statistics for Cities Closest to Boise

Click here to take the quiz!

General Stats

  • This quiz has been taken 23 times
    (17 since last reset)
  • The average score is 11 of 20

Answer Stats

miAnswer% Correct
296.6Salt Lake City
100%
344Portland
86%
285.2Spokane
86%
0Meridian
79%
18.2Nampa
79%
330.9Provo
79%
338.2Reno
79%
255.9Bend
64%
343.7Eugene
57%
349.4Salem
57%
336.2Sparks
50%
392.5Tacoma
50%
302West Jordan
43%
284.5Spokane Valley
36%
346.5Vancouver
36%
295.7West Valley City
29%
332.3Gresham
21%
358.3Hillsboro
14%
390.4Kent
14%
394.3Renton
14%

Score Distribution

Percentile by Number Answered

Percent of People with Each Score

Your Score History

You have not taken this quiz since the last reset